NHL Players 2 - Statistics

General Stats
  • This quiz has been taken 53 times
  • The average score is 6 of 52
Answer Stats
Hint Answer % Correct
#88 Patrick Kane
70%
#91 Steven Stamkos
52%
#29 Leon Draisaitl
48%
#8 Alexander Ovechkin
35%
#63 Brad Marchand
35%
#8 Cale Makar
35%
#88 David Pastrnak
35%
#91 John Tavares
30%
#29 Nathan Mackinnon
30%
#88 William Nylander
30%
#29 Marc- Andre Fleury
22%
#13 Mat Barzal
17%
#11 Anze Kopitar
13%
#71 Dylan Larkin
13%
#71 Taylor Hall
13%
#73 Tyler Toffoli
13%
#9 Clayton Keller
9%
#91 Dawson Mercer
9%
#40 Elias Pettersson
9%
#65 Erik Karlsson
9%
#21 Jason Robertson
9%
#1 Jeremy Swayman
9%
#9 J.T Miller
9%
#19 Matthew Tkachuk
9%
#14 Nick Suzuki
9%
#59 Roman Josi
9%
#18 Tim Stutzle
9%
#29 Vince Dunn
9%
#23 Adam Fox
4%
#9 Adrian Kempe
4%
#93 Alex DeBrincat
4%
#6 Brock Boeser
4%
#89 Cam Atkinson
4%
#63 Jesper Bratt
4%
#12 Matt Boldy
4%
#10 Matty Beniers
4%
#11 Adam Fantilli
0%
#37 Andrei Svechnikov
0%
#8 Conor Garland
0%
#56 Erik Haula
0%
#9 Jack Eichel
0%
#81 Kyle Connor
0%
#92 Logan Cooley
0%
#28 Miles Wood
0%
#48 Morgan Frost
0%
#25 Owen Power
0%
#18 Robert Thomas
0%
#33 Ryan Graves
0%
#24 Seth Jarvis
0%
#43 Tom Wilson
0%
#11 Travis Konecny
0%
#19 Troy Terry
0%
No matching quizzes found
Score Distribution
Percent of People with Each Score
Percentile by Number Answered
Your Score History
You have not taken this quiz